[Event "Titled Tuesday intern op 30th June"]
[Site "Chess.com INT"]
[Date "2020.06.30"]
[Round "6"]
[White "Ismagambetov, Anuar"]
[Black "Soto Vega, Jorge"]
[Result "1-0"]
[WhiteElo "2528"]
[BlackElo "2363"]
[PlyCount "87"]
[EventDate "2020.06.30"]
[EventType "swiss (blitz)"]
[EventRounds "10"]
[EventCountry "USA"]
[SourceTitle "CBM 197 Extra"]
[Source "ChessBase"]
[SourceDate "2020.09.30"]
[SourceVersion "1"]
[SourceVersionDate "2020.09.30"]
[SourceQuality "1"]

1. e4 d5 2. exd5 Qxd5 3. Nc3 Qa5 4. d4 Nf6 5. Nf3 Bg4 6. h3 Bh5 7. g4 Bg6 8. Ne5 e6 9. a3 c6 10. Bf4 Nd5 11. Bd2 Qb6 12. Nxg6 hxg6 13. Ne2 Nd7 14. Bg2 Be7 15. c4 N5f6 16. b4 0-0 17. 0-0 a5 18. bxa5 Qc7 19. Qb3 Rfb8 20. c5 Nd5 21. Rab1 g5 22. Kh1 N7f6 23. f4 gxf4 24. Nxf4 Qd8 25. Nd3 Nc7 26. g5 Nd7 27. g6 fxg6 28. Nf4 Nf8 29. Rbe1 Qxd4 30. Bc3 Qd7 31. Qb2 Bg5 32. Rd1 Nd5 33. Be5 Re8 34. Qf2 Bxf4 35. Bxf4 Rxa5 36. Be5 Rxa3 37. Rd4 Raa8 38. Rh4 Qe7 39. Qg3 g5 40. Rh5 Nh7 41. Be4 Nhf6 42. Rxg5 Nxe4 43. Rxg7+ Kh8 44. Qg6 1-0

[Event "Titled Tuesday intern op 23rd June"]
[Site "Chess.com INT"]
[Date "2020.06.23"]
[Round "3"]
[White "Iordachescu, Viorel"]
[Black "Ismagambetov, Anuar"]
[Result "0-1"]
[WhiteElo "2589"]
[BlackElo "2528"]
[PlyCount "78"]
[EventDate "2020.06.23"]
[EventType "swiss (blitz)"]
[EventRounds "10"]
[EventCountry "USA"]
[SourceTitle "CBM 197 Extra"]
[Source "ChessBase"]
[SourceDate "2020.09.30"]
[SourceVersion "1"]
[SourceVersionDate "2020.09.30"]
[SourceQuality "1"]

1. e4 c5 2. Nf3 Nc6 3. Bb5 g6 4. Bxc6 bxc6 5. 0-0 Bg7 6. Re1 Rb8 7. c3 Nf6 8. e5 Nd5 9. d4 cxd4 10. Qxd4 0-0 11. Qxa7 Rb7 12. Qa4 Qb6 13. Nbd2 d6 14. exd6 exd6 15. Nc4 Qc7 16. Qa5 Qb8 17. Qa3 c5 18. Qa4 Be6 19. Ne3 Nxc3 20. bxc3 Bxc3 21. Bd2 Bxa1 22. Rxa1 Rb1+ 23. Rxb1 Qxb1+ 24. Be1 d5 25. h4 d4 26. Nf1 Bd5 27. Bd2 Bxf3 28. gxf3 Qf5 29. Qc4 Rc8 30. f4 Qe6 31. Qd3 Qxa2 32. f5 Qd5 33. fxg6 hxg6 34. Ne3 Qf3 35. Qa6 Rb8 36. Qa7 Rb1+ 37. Nf1 Qg4+ 38. Kh2 Rxf1 39. Qb8+ Kh7 0-1

[Event "Titled Tuesday intern op 23rd June"]
[Site "Chess.com INT"]
[Date "2020.06.23"]
[Round "9"]
[White "Ismagambetov, Anuar"]
[Black "Lagno, Kateryna"]
[Result "0-1"]
[WhiteElo "2528"]
[BlackElo "2546"]
[PlyCount "96"]
[EventDate "2020.06.23"]
[EventType "swiss (blitz)"]
[EventRounds "10"]
[EventCountry "USA"]
[SourceTitle "CBM 197 Extra"]
[Source "ChessBase"]
[SourceDate "2020.09.30"]
[SourceVersion "1"]
[SourceVersionDate "2020.09.30"]
[SourceQuality "1"]

1. e4 e5 2. Nf3 Nc6 3. Bb5 Bc5 4. c3 Nf6 5. 0-0 0-0 6. d4 Bb6 7. Nxe5 Nxe5 8. dxe5 Nxe4 9. Qf3 d5 10. Nd2 f5 11. c4 c6 12. Ba4 Qe7 13. cxd5 cxd5 14. Bb3 Qxe5 15. Qd3 Be6 16. Nf3 Qf6 17. Be3 Bxe3 18. Qxe3 Qxb2 19. Nd4 f4 20. Qd3 Bf7 21. Rac1 Qd2 22. Rfd1 Qxd3 23. Rxd3 Rac8 24. Ra1 Nc5 25. Rd2 Nxb3 26. axb3 Rc3 27. f3 a6 28. Kf2 Re8 29. Rad1 g6 30. Rc2 Rxc2+ 31. Nxc2 Rc8 32. Nd4 Kg7 33. Ke2 Kf6 34. Kd3 g5 35. Re1 h5 36. Kd2 Rc7 37. g3 fxg3 38. hxg3 h4 39. gxh4 gxh4 40. f4 Rc8 41. Rh1 Rh8 42. Ke3 h3 43. Kf3 Bg6 44. Kg3 Bf5 45. Kh2 Rg8 46. Re1 Rg2+ 47. Kh1 Rd2 48. Nf3 Rf2 0-1

[Event "Titled Tuesday intern op 16th June"]
[Site "Chess.com INT"]
[Date "2020.06.16"]
[Round "9"]
[White "Ismagambetov, Anuar"]
[Black "Kosteniuk, Alexandra"]
[Result "1/2-1/2"]
[WhiteElo "2528"]
[BlackElo "2471"]
[PlyCount "128"]
[EventDate "2020.06.16"]
[EventType "swiss (blitz)"]
[EventRounds "10"]
[EventCountry "USA"]
[SourceTitle "EXT 2021"]
[Source "ChessBase"]
[SourceDate "2020.10.23"]
[SourceVersion "1"]
[SourceVersionDate "2020.10.23"]
[SourceQuality "1"]

1. e4 c6 2. d4 d5 3. Nd2 dxe4 4. Nxe4 Nf6 5. Nxf6+ exf6 6. c3 Bd6 7. Bd3 0-0 8. Qf3 Re8+ 9. Ne2 Nd7 10. 0-0 Nf8 11. Bf4 Ng6 12. Bxd6 Qxd6 13. Rfe1 Be6 14. Ng3 Qf4 15. Qxf4 Nxf4 16. Bf1 f5 17. f3 Rad8 18. Kf2 g6 19. b3 Kg7 20. Rad1 Nd5 21. Rc1 h5 22. Bc4 Nf4 23. Bf1 h4 24. Nh1 c5 25. Rcd1 Nd5 26. dxc5 Nxc3 27. Rxd8 Rxd8 28. Ke3 g5 29. g3 hxg3 30. hxg3 Nxa2 31. Nf2 Nb4 32. Rc1 Bxb3 33. Nd3 Nxd3 34. Bxd3 Kf6 35. f4 gxf4+ 36. gxf4 Bd5 37. Rg1 a5 38. Rg5 Be6 39. Rg1 a4 40. Ra1 Bb3 41. Bb5 Ra8 42. Kd4 Ra5 43. Bd3 Be6 44. Ra3 Ke7 45. Be2 Kd7 46. Bf1 Kc7 47. Be2 Bb3 48. Bd3 Be6 49. Be2 f6 50. Bd3 Ra8 51. Kc3 Bb3 52. Bb5 b6 53. c6 Rh8 54. Ra1 Rh4 55. Rg1 Rg4 56. Rh1 Rg7 57. Rh6 Bd5 58. Rxf6 Rf7 59. Rxf7+ Bxf7 60. Bxa4 Bd5 61. Bc2 Be6 62. Ba4 Bd5 63. Bc2 Be6 64. Ba4 Bd5 1/2-1/2

[Event "Titled Tuesday intern op 16th June"]
[Site "Chess.com INT"]
[Date "2020.06.16"]
[Round "4"]
[White "Ismagambetov, Anuar"]
[Black "Tomic, Aleksandar1111"]
[Result "1-0"]
[WhiteElo "2528"]
[BlackElo "2375"]
[PlyCount "83"]
[EventDate "2020.06.16"]
[EventType "swiss (blitz)"]
[EventRounds "10"]
[EventCountry "USA"]
[SourceTitle "EXT 2021"]
[Source "ChessBase"]
[SourceDate "2020.10.23"]
[SourceVersion "1"]
[SourceVersionDate "2020.10.23"]
[SourceQuality "1"]

1. e4 c5 2. Nf3 e6 3. d4 cxd4 4. Nxd4 a6 5. c4 Nf6 6. Nc3 Bb4 7. Bd3 Nc6 8. Nxc6 dxc6 9. 0-0 e5 10. Ne2 Bc5 11. Ng3 Ng4 12. h3 Qh4 13. Nh1 Nf6 14. Qe2 Bg4 15. Qe1 Rd8 16. Bc2 Bxh3 17. gxh3 Qxh3 18. Qc3 Qg4+ 19. Qg3 Qe2 20. Bb1 0-0 21. Bg5 Nh5 22. Qh3 f6 23. Be3 Bxe3 24. Qxe3 Qxb2 25. Bd3 Nf4 26. Rad1 Rd4 27. c5 Kh8 28. Bb1 Rfd8 29. Rxd4 Rxd4 30. Ng3 g6 31. Qf3 Kg7 32. Qg4 Kf7 33. Qh4 h5 34. Qh2 Rd2 35. a4 Qd4 36. Qh4 Qxc5 37. Qh1 b5 38. Qf3 Qc4 39. axb5 cxb5 40. Qa3 b4 41. Qa5 Qb5 42. Qc7+ 1-0

[Event "Titled Tuesday intern op 16th June"]
[Site "Chess.com INT"]
[Date "2020.06.16"]
[Round "10"]
[White "Ismagambetov, Anuar"]
[Black "Triapishko, Alexandr"]
[Result "1-0"]
[WhiteElo "2528"]
[BlackElo "2506"]
[PlyCount "103"]
[EventDate "2020.06.16"]
[EventType "swiss (blitz)"]
[EventRounds "10"]
[EventCountry "USA"]
[SourceTitle "EXT 2021"]
[Source "ChessBase"]
[SourceDate "2020.10.23"]
[SourceVersion "1"]
[SourceVersionDate "2020.10.23"]
[SourceQuality "1"]

1. e4 e5 2. Nf3 Nc6 3. Bb5 a6 4. Ba4 d6 5. c3 Bd7 6. d4 Nf6 7. 0-0 g6 8. d5 Ne7 9. Bxd7+ Qxd7 10. Re1 Bg7 11. c4 0-0 12. Nc3 Nh5 13. Rb1 h6 14. b4 f5 15. c5 fxe4 16. Nxe4 Rad8 17. cxd6 cxd6 18. b5 axb5 19. Qd3 Nf6 20. Nxf6+ Rxf6 21. Nd2 Rf7 22. Rxb5 Nf5 23. Ne4 Ra8 24. a3 Ra6 25. h3 Nd4 26. Rb1 Ra5 27. Qc4 b5 28. Qc3 Ra4 29. Be3 Rc4 30. Qd3 Kh7 31. Rec1 Qc7 32. Rd1 Rf8 33. Bxd4 exd4 34. Rxb5 Rc1 35. Rb1 Rxd1+ 36. Rxd1 Ra8 37. h4 Qa5 38. h5 Qxd5 39. hxg6+ Kxg6 40. Nxd6+ Kf6 41. Ne4+ Kf7 42. Rc1 Ra7 43. Qf3+ Kg6 44. Rc5 Qe6 45. Ng3 Kh7 46. Nf5 Bf6 47. Rc6 Qe1+ 48. Kh2 Qe5+ 49. g3 Bg7 50. Qd3 Kh8 51. Rc8+ Kh7 52. Nxd4+ 1-0

[Event "Titled Tuesday intern op 12th May"]
[Site "Chess.com INT"]
[Date "2020.05.12"]
[Round "10"]
[White "Ismagambetov, Anuar"]
[Black "Dardha, Daniel"]
[Result "1-0"]
[WhiteElo "2528"]
[BlackElo "2449"]
[PlyCount "73"]
[EventDate "2020.05.12"]
[EventType "swiss (blitz)"]
[EventRounds "10"]
[EventCountry "USA"]
[SourceTitle "CBM 196 Extra"]
[Source "ChessBase"]
[SourceDate "2020.07.31"]
[SourceVersion "1"]
[SourceVersionDate "2020.07.31"]
[SourceQuality "1"]

1. e4 c5 2. Nf3 Nc6 3. d4 cxd4 4. Nxd4 e5 5. Nb5 Nf6 6. N1c3 d6 7. Bg5 a6 8. Na3 b5 9. Nd5 Be7 10. Bxf6 Bxf6 11. c4 b4 12. Nc2 Bg5 13. g3 0-0 14. Bg2 Rb8 15. b3 a5 16. 0-0 Be6 17. Kh1 Rb7 18. Qd3 Nb8 19. f4 exf4 20. gxf4 Bh6 21. Rad1 Na6 22. Qg3 Nc5 23. f5 Bxd5 24. Rxd5 Qg5 25. Qxd6 Nd7 26. e5 Rc8 27. e6 Nf8 28. f6 Qg6 29. e7 Nd7 30. fxg7 Qxd6 31. Rxd6 Rbc7 32. Nd4 Bxg7 33. Nb5 Rc5 34. Rxd7 Re8 35. Rd8 Rc8 36. Rxc8 Rxc8 37. Nd6 1-0

[Event "Titled Tuesday intern op 12th May"]
[Site "Chess.com INT"]
[Date "2020.05.12"]
[Round "1"]
[White "Ismagambetov, Anuar"]
[Black "Ubiennykh, Ekaterina"]
[Result "1-0"]
[WhiteElo "2528"]
[BlackElo "2331"]
[PlyCount "141"]
[EventDate "2020.05.12"]
[EventType "swiss (blitz)"]
[EventRounds "10"]
[EventCountry "USA"]
[SourceTitle "CBM 196 Extra"]
[Source "ChessBase"]
[SourceDate "2020.07.31"]
[SourceVersion "1"]
[SourceVersionDate "2020.07.31"]
[SourceQuality "1"]

1. e4 e6 2. d4 d5 3. Nc3 Nf6 4. e5 Nfd7 5. f4 c5 6. Nf3 Nc6 7. Be3 cxd4 8. Nxd4 Bc5 9. Qd2 Nxd4 10. Bxd4 Bxd4 11. Qxd4 Qb6 12. Qxb6 Nxb6 13. h4 h5 14. 0-0-0 g6 15. Rh3 Ke7 16. Ne2 Bd7 17. Rb3 Rac8 18. Nd4 Ba4 19. Ra3 a6 20. g3 Rc7 21. Rd2 Rhc8 22. Re3 Nd7 23. b3 Bc6 24. Kb2 Nc5 25. a4 Bd7 26. Rd1 Ne4 27. Bd3 Nf2 28. Rd2 Nxd3+ 29. Rexd3 b5 30. axb5 axb5 31. b4 Rc4 32. c3 Ra8 33. Rd1 f6 34. Re3 Ra4 35. exf6+ Kxf6 36. Rde1 Rxd4 37. cxd4 Rxb4+ 38. Kc3 Rc4+ 39. Kd3 b4 40. R3e2 Rc3+ 41. Kd2 Rxg3 42. Re5 Rg4 43. Ke3 Rxh4 44. Rf1 b3 45. Kd2 Bb5 46. Rf2 Rh3 47. Rg5 Rd3+ 48. Kc1 Rxd4 49. Rg3 Bd3 50. Kb2 Bc4 51. Rfg2 Rxf4 52. Rxg6+ Ke5 53. R2g5+ Kd6 54. Rg2 h4 55. Rh6 d4 56. Rh2 Kd5 57. Ka3 e5 58. Kb4 d3 59. Rh8 Ba6+ 60. Kc3 e4 61. Rh5+ Kc6 62. Rg2 Rf6 63. Kd4 Re6 64. Ke3 Kd6 65. Rxh4 Bb7 66. Rh5 Bd5 67. Rgg5 Bc6 68. Rh2 Rf6 69. Kd4 Rf3 70. Rh6+ Kc7 71. Rc5 1-0